The lives of others / (Record no. 67620)

MARC details
000 -LEADER
campo de control de longitud fija 03464ngm a22006017a 4500
001 - NÚMERO DE CONTROL
campo de control 83548
005 - FECHA Y HORA DE LA ÚLTIMA TRANSACCIÓN
campo de control 20230410123857.0
007 - CAMPO FIJO DE DESCRIPCIÓN FÍSICA--INFORMACIÓN GENERAL
campo de control de longitud fija mr c|aaf|nara||ac||||||
008 - DATOS DE LONGITUD FIJA--INFORMACIÓN GENERAL
campo de control de longitud fija 081121s2007 xxu137 mlger
010 ## - NÚMERO DE CONTROL DE LA BIBLIOTECA DEL CONGRESO
Número de control de LC 2008639546
035 ## - NÚMERO DE CONTROL DEL SISTEMA
Número de control de sistema (OCoLC)ocn276905200
040 ## - FUENTE DE CATALOGACIÓN
Centro catalogador/agencia de origen DLC
Normas de descripción amim
Centro/agencia transcriptor DLC
017 ## - NÚMERO DE COPYRIGHT O DE DEPÓSITO LEGAL
Número de copyright o de depósito legal PA0001370166
Agencia que asigna U.S. Copyright Office
035 ## - NÚMERO DE CONTROL DEL SISTEMA
Número de control de sistema (OCoLC)276905200
041 1# - CÓDIGO DE IDIOMA
Código de lengua del texto/banda sonora o título independiente ger
Código de lengua del sumario o resumen eng
049 ## - FONDOS LOCALES (OCLC)
Biblioteca depositaria GRAL
050 14 - SIGNATURA TOPOGRÁFICA DE LA BIBLIOTECA DEL CONGRESO
Número de clasificación CM DVD 01211
245 04 - MENCIÓN DEL TÍTULO
Título The lives of others /
Mención de responsabilidad, etc. a Wiedemann & Berg Filmproduktion production, in association with BR, Arte, Creado Film ; directed, written by Florian Henckel von Donnersmarck ; produced by Quirin Berg, Max Wiedemann.
250 ## - MENCION DE EDICION
Mención de edición [English language subtitled version].
257 ## - PAÍS DE LA ENTIDAD PRODUCTORA
País de la entidad productora Germany.
260 ## - PUBLICACIÓN, DISTRIBUCIÓN, ETC.
Lugar de publicación, distribución, etc. United States :
Nombre del editor, distribuidor, etc. Sony Pictures Classics,
Fecha de publicación, distribución, etc. 2007.
300 ## - DESCRIPCIÓN FÍSICA
Extensión 14 film reels of 14 on 7 (ca. 137 min., ca. 12,330 ft.) :
Otras características físicas sd., col. ;
Dimensiones 35 mm.
Materiales especificados viewing print.
500 ## - NOTA GENERAL
Nota general Copyright Claimant: Wiedemann & Berg Film Produktion GmbH & Co. KG. Date of Creation: 2006; Date of Publication: 2006-12-01; Registration Number / Date: PA0001370166 / 2006-12-21.
508 ## - NOTA DE CRÉDITOS DE CREACIÓN O PRODUCCIÓN
Nota de créditos de creación o producción Camera, Hagen Bogdanski ; editor, Patricia Rommel ; music, Gabriel Yared, Stephane Moucha.
511 1# - NOTA DE PARTICIPANTES O INTÉRPRETES
Nota de participantes o intérpretes Martina Gedeck, Ulrich Mèuhe, Sebastian Koch, Ulrich Tukur, Thomas Thieme, Hans-Uwe Bauer, Herbert Knaup, Volkmar Kleinert, Matthias Brenner, Charly Huebner.
546 ## - NOTA DE IDIOMA
Nota de lengua/lenguaje In German with English subtitles.
500 ## - NOTA GENERAL
Nota general Originally released under title Das Leben der Anderen in 2006.
520 ## - RESUMEN, ETC.
Sumario, etc. A 1984 East Berlin simple surveillance assignment: Capt. Gerd Wiesler, a Stasi officer and a specialist in surveillance, has been assigned to keep an eye on Georg Dreyman, a respected playwright, and his actress girlfriend, Christa-Maria Sieland. Though Dreyman is known to associate with blacklisted director Albert Jerska, a known dissident, Dreyman's record is spotless. Wiesler discovers that Minister Hempf has an ulterior motive in spying on this seemingly upright citizen. Wiesler's sympathies shift from the government to its people, or at least to this one particular person.
500 ## - NOTA GENERAL
Nota general Summary from FirstSearch, OCLC 230958018, viewed Nov. 21, 2008.
521 8# - NOTA DE PÚBLICO DESTINATARIO
Nota de público destinatario MPAA rating: R.
500 ## - NOTA GENERAL
Nota general Not viewed.
500 ## - NOTA GENERAL
Nota general Sources used: copyright data sheet; copyright database; Variety Web site, review posted June 11, 2006, viewed Nov. 21, 2008; Internet movie database, viewed Nov. 21, 2008; FirstSearch, 230958018, viewed Nov. 21, 2008.
541 ## - NOTA DE FUENTE DE ADQUISICIÓN DIRECTA
Materiales especificados viewing print;
650 #0 - PUNTO DE ACCESO ADICIONAL DE MATERIA--TÉRMINO DE MATERIA
Término de materia o nombre geográfico como elemento de entrada Secret service
Subdivisión geográfica Germany
Subdivisión de forma Drama.
650 #0 - PUNTO DE ACCESO ADICIONAL DE MATERIA--TÉRMINO DE MATERIA
Término de materia o nombre geográfico como elemento de entrada Police patrol
Subdivisión geográfica Germany
Subdivisión general Surveillance operations
Subdivisión de forma Drama.
650 #4 - PUNTO DE ACCESO ADICIONAL DE MATERIA--TÉRMINO DE MATERIA
Término de materia o nombre geográfico como elemento de entrada Cine Americano
655 #7 - TERMINO DE INDIZACIÓN--GENERO/FORMA
Datos o término principal de género/forma Thriller
Subdivisión de forma Feature.
Fuente del término migfg
700 1# - ENTRADA AGREGADA--NOMBRE PERSONAL
Nombre de persona Henckel von Donnersmarck, Florian,
Fechas asociadas al nombre 1973-
Término indicativo de función/relación direction,
-- writing.
700 1# - ENTRADA AGREGADA--NOMBRE PERSONAL
Nombre de persona Wiedemann, Max,
Término indicativo de función/relación production.
700 1# - ENTRADA AGREGADA--NOMBRE PERSONAL
Nombre de persona Berg, Quirin,
Término indicativo de función/relación production.
700 1# - ENTRADA AGREGADA--NOMBRE PERSONAL
Nombre de persona Gedeck, Martina,
Término indicativo de función/relación cast.
700 1# - ENTRADA AGREGADA--NOMBRE PERSONAL
Nombre de persona Mèuhe, Ulrich,
Fechas asociadas al nombre 1953-2007,
Término indicativo de función/relación cast.
700 1# - ENTRADA AGREGADA--NOMBRE PERSONAL
Nombre de persona Koch, Sebastian,
Fechas asociadas al nombre 1962-
Término indicativo de función/relación cast.
700 1# - ENTRADA AGREGADA--NOMBRE PERSONAL
Nombre de persona Tukur, Ulrich,
Fechas asociadas al nombre 1957-
Término indicativo de función/relación cast.
710 2# - ENTRADA AGREGADA--NOMBRE DE ENTIDAD CORPORATIVA
Nombre de entidad corporativa o nombre de jurisdicción como elemento de entrada Wiedemann & Berg Filmproduktion.
710 2# - ENTRADA AGREGADA--NOMBRE DE ENTIDAD CORPORATIVA
Nombre de entidad corporativa o nombre de jurisdicción como elemento de entrada Bayerischer Rundfunk.
710 2# - ENTRADA AGREGADA--NOMBRE DE ENTIDAD CORPORATIVA
Nombre de entidad corporativa o nombre de jurisdicción como elemento de entrada Arte (Firm)
710 2# - ENTRADA AGREGADA--NOMBRE DE ENTIDAD CORPORATIVA
Nombre de entidad corporativa o nombre de jurisdicción como elemento de entrada Creado Film.
710 2# - ENTRADA AGREGADA--NOMBRE DE ENTIDAD CORPORATIVA
Nombre de entidad corporativa o nombre de jurisdicción como elemento de entrada Copyright Collection (Library of Congress)
Institución que aplica el campo DLC
730 0# - ASIENTO SECUNDARIO--TITULO UNIFORME
Título uniforme Leben der Anderen (Motion picture)
942 ## - ELEMENTOS DE ENTRADA SECUNDARIOS (KOHA)
Fuente del sistema de clasificación o colocación Clasificación de Library of Congress
Tipo de ítem Koha
994 ## -
-- C0
-- DRFGD
Holdings
Estatus retirado Estado de pérdida Fuente del sistema de clasificación o colocación Estado de daño No para préstamo Biblioteca de origen Biblioteca actual Ubicación en estantería Fecha de adquisición Signatura topográfica completa Código de barras Visto por última vez Tipo de ítem Koha
    Clasificación de Library of Congress     Biblioteca Juan Bosch Biblioteca Juan Bosch Colección Multimedia (Humanidades 4to. Piso) 10/04/2023 CM DVD 01211 00000066917 25/10/2018